000 00600nam a22002057a 4500
999 _c6703
_d6703
003 OSt
005 20200303123008.0
008 200303b ||||| |||| 00| 0 eng d
020 _a141290479X
040 _cDDC
082 _a001.42 HUN 2004
100 _aHunter, John E.; Schmidt, Frank L.
_913769
245 _aMethods of Meta-Analysis: correcting error and bias in research findings
250 _a2nd ed.
260 _aThousand Oaks;
_bSage,
_c2004
300 _axxxiii,582p;
_bIll:
_c25.5cm
504 _aReferences, & index included
650 _aResearch methods
_92296
942 _2z
_cO_SHELF